000 00605nam a2200181Ia 4500
008 220216s9999 xx 000 0 und d
100 _aMathew N M
245 0 _aIndian natural rubber sector : An overview
260 _bProceedings of the First Symposium on Plantation Crop Research : Current Trends and Future Challenges,8-9 July, 2004, Sri Lanka, pp.265-266.
650 _aIndia
650 _aRubber cultivation
650 _aRubber plantation industry
650 _aRubber processing
650 _aRubber production
650 _aRubber sector
650 _aRubber smallholdings
942 _cJS
999 _c61064
_d61064